| 000 | 02213cam a22004574i 4500 | ||
|---|---|---|---|
| 003 | PE-LiUPU | ||
| 005 | 20250731173257.0 | ||
| 008 | 150616s r 000 0 d | ||
| 035 | _a(Sirsi) a3587 | ||
| 040 |
_aPE-LiUPU _bspa _cPE-LiUPU _erda |
||
| 049 | _aPRUA | ||
| 082 | 0 | 4 |
_a262.11 _bR55 _221 |
| 100 | 1 |
_aRidolfi, Dominique, _eautor. |
|
| 245 | 1 | 0 |
_aSimón Pedro roca bíblica / _cDominique Ridolfi. |
| 264 | 1 |
_a[Madrid] : _bEdiciones Paulinas, _c1967]. |
|
| 300 |
_a267 páginas ; _c18 cm. |
||
| 336 |
_atext _2rdacontent |
||
| 337 |
_aunmediated _2rdamedia |
||
| 338 |
_avolume _2rdacarrier |
||
| 490 | 0 |
_aTemas de hoy ; _v3 |
|
| 505 | 0 | _aLa piedra en las civilizaciónes prehistóricas y en las religones naturales -- La piedra en el pueblo de la Biblia: Los patriarcas -- La piedra en tiempo de Moisés y de Josué -- El misterio del templo de Salomón -- El tema de la roca en los salmos -- El sueño de Nabucodonosor II -- El fuego de la piedra -- Akhenatón-Buda-Abraham-Jacob -- Simón Bar Jona -- La vocación de Simón -- Tú te llamarás Cefas -- El oficio teolítico de Pedro -- Los apóstoles ante los atributos teolíticos -- La carta de Cesárea de Filipo -- Confirma a tus hermanos -- El canto del gallo -- Apacienta mis ovejas -- Tú, sígueme -- Dimensión pascual de la primacía -- Dimensión profética de la infabilidad -- Pedro y los doce -- Pedro y los cristianos separados -- Pedro e Israel -- La majestad y la humildad de Pedro. | |
| 526 | _aSEG42 | ||
| 526 | _aSEG41 | ||
| 526 | _aSEG40 | ||
| 526 | _aSEG39 | ||
| 526 | _aP94 | ||
| 526 | _aP87 | ||
| 526 | _aP86 | ||
| 526 | _aP85 | ||
| 526 | _aP77 | ||
| 526 | _aP76 | ||
| 526 | _aP35 | ||
| 600 | 0 | 4 |
_aPedro, _cSanto. |
| 910 |
_ajck _bjvq _cjck |
||
| 942 |
_2ddc _cBOOK |
||
| 949 |
_a262.11 R55 _wDEWEY _c1 _i19913 _lCCODEBUL1 _mBUL _p00.00 _r0 _sY _tBOOK _u19811216 _xTEOLOGIA _zUNKNOWN _0COMPRA _o.STAFF. Colección General |
||
| 994 |
_aC0 _bPEPRU |
||
| 596 | _a1 | ||
| 999 |
_a262.11 R55 _wDEWEY _c43880 _i19913 _f2021-11-10 _g5 _lCCODEBUL1 _mBUL _r0 _sY _tBOOK _u2015-6-16 _xTEOLOGIA _zUNKNOWN _0COMPRA _o.STAFF. Colección General _d43880 |
||
| 980 |
_81 _gALBERTO SANCHEZ Responsable de Automatización |
||